[Event "Remote email"]
[Site "Remote email"]
[Date "2014.05.26"]
[Round "?"]
[White "Vorobyev, Viktor Dmitrievich"]
[Black "Koenigsberger, Christian"]
[Result "1/2-1/2"]
[WhiteElo "2037"]
[BlackElo "2180"]
[PlyCount "83"]
[EventDate "2014.??.??"]
[EventType "tourn (corr)"]
[EventRounds "6"]
[EventCountry "GER"]
[SourceTitle "Corr 2015"]
[Source "ChessBase"]
[SourceDate "2015.07.17"]
[SourceVersion "1"]
[SourceVersionDate "2015.07.17"]
[SourceQuality "1"]

1. d4 f5 2. c4 Nf6 3. Nc3 e6 4. a3 Be7 5. Nf3 b6 6. Bg5 Bb7 7. g3 0-0 8. Bg2 d6 9. d5 e5 10. Qc2 Nh5 11. h4 h6 12. Bxe7 Qxe7 13. e4 Bc8 14. 0-0-0 fxe4 15. Nxe4 Bg4 16. Rd3 Nd7 17. Re1 Bf5 18. Rde3 Nc5 19. Nfd2 Rae8 20. b4 Nxe4 21. Bxe4 Bxe4 22. Nxe4 Qd7 23. R1e2 Rf7 24. Rd3 Nf6 25. f3 Nxe4 26. Rxe4 Ref8 27. Qg2 a5 28. b5 Rf6 29. Kd2 Qf7 30. Ree3 e4 31. Rxe4 Rxf3 32. Rxf3 Qxf3 33. Qxf3 Rxf3 34. Re8+ Rf8 35. Re7 Rf7 36. Re3 Kf8 37. Kd3 Re7 38. Re4 Rxe4 39. Kxe4 Kf7 40. g4 Kf6 41. a4 g6 42. Kf4 1/2-1/2

[Event "Remote email"]
[Site "Remote email"]
[Date "2014.01.25"]
[Round "?"]
[White "Schuetzbach, Gerd"]
[Black "Vorobyev, Viktor Dmitrievich"]
[Result "1/2-1/2"]
[WhiteElo "2216"]
[BlackElo "2054"]
[PlyCount "60"]
[EventDate "2014.??.??"]
[EventType "tourn (corr)"]
[EventRounds "6"]
[EventCountry "GER"]
[SourceTitle "Corr 2015"]
[Source "ChessBase"]
[SourceDate "2015.07.17"]
[SourceVersion "1"]
[SourceVersionDate "2015.07.17"]
[SourceQuality "1"]

1. d4 d5 2. e4 dxe4 3. Nc3 e5 4. Nxe4 Qxd4 5. Bd3 Bf5 6. Nf3 Qd5 7. 0-0 Nc6 8. Nc3 Qd7 9. Bxf5 Qxf5 10. Nb5 Qd7 11. Qxd7+ Kxd7 12. Rd1+ Bd6 13. Ng5 Nh6 14. Nxd6 cxd6 15. Ne4 Nf5 16. g4 Nfd4 17. c3 Ne2+ 18. Kf1 Nxc1 19. Nxd6 Kc7 20. Nxf7 Rhe8 21. Raxc1 Re6 22. Rd5 Rf8 23. Ng5 Rg6 24. Ne4 Rf4 25. Re1 Rfxg4 26. Ng3 h5 27. Re4 Rxe4 28. Nxe4 b6 29. f3 Re6 30. Ng5 Rd6 1/2-1/2

[Event "Remote email"]
[Site "Remote email"]
[Date "2014.01.18"]
[Round "?"]
[White "Bokmeier, Johannes"]
[Black "Vorobyev, Viktor Dmitrievich"]
[Result "0-1"]
[WhiteElo "1830"]
[BlackElo "2054"]
[PlyCount "106"]
[EventDate "2014.??.??"]
[EventType "tourn (corr)"]
[EventRounds "6"]
[EventCountry "GER"]
[SourceTitle "Corr 2015"]
[Source "ChessBase"]
[SourceDate "2015.07.17"]
[SourceVersion "1"]
[SourceVersionDate "2015.07.17"]
[SourceQuality "1"]

1. c4 c5 2. e4 Nc6 3. g3 e5 4. Bg2 d6 5. Ne2 Bg4 6. 0-0 Nd4 7. f3 Be6 8. d3 Nf6 9. Nxd4 cxd4 10. Qb3 Qd7 11. Bg5 Nh5 12. Qd1 Be7 13. f4 Bg4 14. Qd2 h6 15. Bxe7 Qxe7 16. Qb4 exf4 17. Qb5+ Qd7 18. Qxd7+ Kxd7 19. gxf4 Be2 20. Bh3+ Ke7 21. Rf2 Bxd3 22. Nd2 Nf6 23. e5 Nd7 24. exd6+ Kxd6 25. Bxd7 Kxd7 26. Rf3 Bf5 27. Nb3 Be6 28. Nc5+ Kc6 29. Nxe6 fxe6 30. b4 b5 31. Rc1 a5 32. cxb5+ Kxb5 33. bxa5 Rxa5 34. Rb3+ Ka6 35. Rc6+ Ka7 36. Rd6 Rf8 37. Rxd4 Rxa2 38. Re3 Rc8 39. Rf3 Rc7 40. Re4 Rc1+ 41. Rf1 Rcc2 42. Rfe1 Rg2+ 43. Kh1 Rxh2+ 44. Kg1 Rag2+ 45. Kf1 Rg6 46. Rb4 Rh1+ 47. Kf2 Rxe1 48. Kxe1 h5 49. Kf2 Rg4 50. Kf3 g5 51. Re4 Rxf4+ 52. Rxf4 gxf4 53. Kxf4 Kb6 0-1

[Event "Remote email"]
[Site "Remote email"]
[Date "2013.12.05"]
[Round "?"]
[White "Campos Do Nascimento, Jose Eduardo"]
[Black "Vorobyev, Viktor Dmitrievich"]
[Result "1-0"]
[WhiteElo "2000"]
[BlackElo "2000"]
[PlyCount "71"]
[EventDate "2013.??.??"]
[EventType "tourn (corr)"]
[EventRounds "6"]
[EventCountry "GER"]
[SourceTitle "Corr 2015"]
[Source "ChessBase"]
[SourceDate "2015.07.17"]
[SourceVersion "1"]
[SourceVersionDate "2015.07.17"]
[SourceQuality "1"]

1. e4 c5 2. Nf3 Nc6 3. c3 e5 4. d3 h6 5. Be3 Nf6 6. Nbd2 d5 7. exd5 Nxd5 8. Nc4 Nxe3 9. fxe3 Bg4 10. Be2 Qc7 11. 0-0 b5 12. Ncd2 Rd8 13. Qe1 Bd6 14. e4 c4 15. dxc4 Bc5+ 16. Kh1 Be3 17. cxb5 Ne7 18. Nc4 Bxf3 19. Rxf3 Bf4 20. Qh4 Ng6 21. Qf2 0-0 22. b6 axb6 23. Nxb6 Qb7 24. g3 Bg5 25. Rd1 Rxd1+ 26. Bxd1 Rd8 27. Bb3 Bf6 28. Nd5 Rd7 29. Nxf6+ gxf6 30. Rxf6 Qxe4+ 31. Kg1 Qb1+ 32. Kg2 Qe4+ 33. Kh3 Nh8 34. Rxh6 Kg7 35. Qf6+ Kg8 36. Rxh8# 1-0

[Event "Remote email"]
[Site "Remote email"]
[Date "2013.12.04"]
[Round "?"]
[White "Vorobyev, Viktor Dmitrievich"]
[Black "Permykov, Andrey Valerevich"]
[Result "0-1"]
[WhiteElo "2000"]
[BlackElo "2000"]
[PlyCount "68"]
[EventDate "2013.??.??"]
[EventType "tourn (corr)"]
[EventRounds "6"]
[EventCountry "GER"]
[SourceTitle "Corr 2015"]
[Source "ChessBase"]
[SourceDate "2015.07.17"]
[SourceVersion "1"]
[SourceVersionDate "2015.07.17"]
[SourceQuality "1"]

1. d4 Nf6 2. c4 e6 3. Nc3 Bb4 4. a3 Bxc3+ 5. bxc3 0-0 6. Bg5 d6 7. Nf3 Nc6 8. e4 h6 9. Bh4 e5 10. d5 g5 11. Nxg5 Nxe4 12. Nxe4 Qxh4 13. Qf3 Na5 14. g3 Qe7 15. Qh5 f5 16. Nd2 Qf6 17. Qf3 Bd7 18. Bg2 b6 19. 0-0 Nb7 20. Nb3 Ba4 21. Nd2 Nc5 22. Rae1 Bc2 23. Re3 f4 24. gxf4 exf4 25. Qg4+ Kh8 26. Re6 Nxe6 27. Qxe6 Qg7 28. Kh1 Rg8 29. Qh3 Rae8 30. Bf3 Bd3 31. Rd1 Re5 32. Bg4 Qxg4 33. Qxg4 Rxg4 34. Nf3 Be4 0-1

[Event "Remote email"]
[Site "Remote email"]
[Date "2013.11.30"]
[Round "?"]
[White "Hirchert, Volker"]
[Black "Vorobyev, Viktor Dmitrievich"]
[Result "0-1"]
[WhiteElo "2000"]
[BlackElo "2000"]
[PlyCount "80"]
[EventDate "2013.??.??"]
[EventType "tourn (corr)"]
[EventRounds "6"]
[EventCountry "GER"]
[SourceTitle "Corr 2015"]
[Source "ChessBase"]
[SourceDate "2015.07.17"]
[SourceVersion "1"]
[SourceVersionDate "2015.07.17"]
[SourceQuality "1"]

1. e4 c5 2. Nc3 Nc6 3. Nf3 d6 4. h3 a6 5. d3 e6 6. Be3 Nf6 7. d4 cxd4 8. Nxd4 Nxd4 9. Bxd4 e5 10. Be3 Qa5 11. Bc4 b5 12. Bd3 b4 13. Ne2 Bb7 14. Bd2 Nxe4 15. Bxe4 Bxe4 16. f3 Bb7 17. a3 Qd8 18. Bxb4 Qh4+ 19. g3 Qh5 20. Ng1 Qg5 21. Kf2 a5 22. Bd2 Qf5 23. Qe1 Be7 24. c4 0-0 25. Qe3 h6 26. Ne2 Bg5 27. Qc3 Bxd2 28. g4 Qf6 29. Qb3 Rab8 30. Ng1 e4 31. Qc2 Qd4+ 32. Kf1 Ba6 33. Qxe4 Bxc4+ 34. Kg2 Qxb2 35. Qxc4 Qxa1 36. Qd3 Rb2 37. h4 Be1+ 38. Kh3 Bxh4 39. g5 hxg5 40. f4 Rfb8 0-1

[Event "Remote email"]
[Site "Remote email"]
[Date "2013.11.09"]
[Round "?"]
[White "Haas, Rainer Leo"]
[Black "Vorobyev, Viktor Dmitrievich"]
[Result "1-0"]
[WhiteElo "2130"]
[BlackElo "2000"]
[PlyCount "81"]
[EventDate "2013.??.??"]
[EventType "tourn (corr)"]
[EventRounds "6"]
[EventCountry "GER"]
[SourceTitle "Corr 2015"]
[Source "ChessBase"]
[SourceDate "2015.07.17"]
[SourceVersion "1"]
[SourceVersionDate "2015.07.17"]
[SourceQuality "1"]

1. e4 c5 2. Nc3 Nc6 3. f4 e6 4. Nf3 a6 5. d4 cxd4 6. Nxd4 Bb4 7. Nxc6 Bxc3+ 8. bxc3 bxc6 9. Ba3 Nf6 10. Qd4 d5 11. exd5 Qxd5 12. Bd3 Qxd4 13. cxd4 Nd5 14. 0-0 Nc3 15. Rae1 f5 16. Bxf5 Kf7 17. Bd3 g6 18. Bb2 Nd5 19. c4 Ne7 20. Re5 Re8 21. Bc3 Rb8 22. Re2 Bd7 23. Rb1 Rxb1+ 24. Bxb1 Rb8 25. Rb2 Rxb2 26. Bxb2 Nf5 27. Kf2 Nd6 28. Bd3 Nf5 29. g4 Ne7 30. Ba3 e5 31. fxe5 Bxg4 32. Be4 Nf5 33. Bc5 Ne7 34. Bxe7 Kxe7 35. Bxc6 Bc8 36. Ke3 Ke6 37. Ke4 g5 38. d5+ Ke7 39. d6+ Kd8 40. Bd5 h5 41. e6 1-0

[Event "Remote email"]
[Site "Remote email"]
[Date "2013.10.16"]
[Round "?"]
[White "Vorobyev, Viktor Dmitrievich"]
[Black "Hirchert, Volker"]
[Result "1-0"]
[WhiteElo "1966"]
[BlackElo "2000"]
[PlyCount "75"]
[EventDate "2013.??.??"]
[EventType "tourn (corr)"]
[EventRounds "6"]
[EventCountry "GER"]
[SourceTitle "Corr 2015"]
[Source "ChessBase"]
[SourceDate "2015.07.17"]
[SourceVersion "1"]
[SourceVersionDate "2015.07.17"]
[SourceQuality "1"]

1. d4 g6 2. c4 Bg7 3. Nc3 Nf6 4. e4 d6 5. Bg5 c6 6. h3 0-0 7. Nf3 Re8 8. e5 Nh5 9. g4 h6 10. Be3 Nf6 11. exf6 exf6 12. Bd3 Be6 13. Qd2 g5 14. d5 cxd5 15. cxd5 Bd7 16. Nd4 a5 17. Ncb5 Re5 18. Nf3 Rxd5 19. Bh7+ Kxh7 20. Qxd5 Bc6 21. Qd3+ Kg8 22. Nbd4 Bd5 23. Qb5 Be6 24. Nf5 Bxf5 25. Qxf5 Nc6 26. 0-0-0 Ne7 27. Qd3 Qc8+ 28. Kb1 f5 29. Qxd6 Bf8 30. Qe5 Ra6 31. Rd6 Nc6 32. Qf6 Bxd6 33. Qxh6 Be7 34. Nxg5 Bxg5 35. Qxg5+ Kf8 36. Bc5+ Ke8 37. Rd1 b6 38. Qg8# 1-0

[Event "Remote Jubilee Jadoube-B email"]
[Site "Remote email"]
[Date "2013.07.09"]
[Round "?"]
[White "Nackas, Hans Juergen"]
[Black "Vorobyev, Viktor Dmitrievich"]
[Result "1-0"]
[WhiteElo "2060"]
[BlackElo "1953"]
[PlyCount "75"]
[EventDate "2013.??.??"]
[EventType "tourn (corr)"]
[EventRounds "8"]
[EventCountry "GER"]
[SourceTitle "Corr 2015"]
[Source "ChessBase"]
[SourceDate "2015.07.17"]
[SourceVersion "1"]
[SourceVersionDate "2015.07.17"]
[SourceQuality "1"]

1. c4 c5 2. Nf3 Nc6 3. Nc3 e6 4. e3 Nf6 5. Be2 d5 6. cxd5 Nxd5 7. 0-0 Nf6 8. Bb5 Bd7 9. Bxc6 Bxc6 10. Ne5 Qc7 11. Nxc6 Qxc6 12. Qe2 a6 13. e4 Bd6 14. e5 Bxe5 15. Qxe5 0-0 16. d3 Rad8 17. Bg5 Nd7 18. Qe4 Qxe4 19. dxe4 f6 20. Be3 c4 21. Rad1 Ne5 22. Na4 Nd3 23. Nc5 Nxc5 24. Bxc5 Rfe8 25. Rxd8 Rxd8 26. Bb4 Rd4 27. e5 f5 28. f4 b6 29. Bc3 Rd5 30. Kf2 b5 31. Rg1 h5 32. Ke2 Kh7 33. Rd1 Rxd1 34. Kxd1 Kg8 35. Ke2 Kf7 36. Ke3 Ke7 37. Kd4 Kd7 38. Kc5 1-0

[Event "Remote email"]
[Site "Remote email"]
[Date "2013.05.06"]
[Round "?"]
[White "Vorobyev, Viktor Dmitrievich"]
[Black "Bezukhov, Pierre"]
[Result "1-0"]
[WhiteElo "1953"]
[BlackElo "1779"]
[PlyCount "149"]
[EventDate "2013.??.??"]
[EventType "tourn (corr)"]
[EventRounds "6"]
[EventCountry "GER"]
[SourceTitle "Corr 2015"]
[Source "ChessBase"]
[SourceDate "2015.07.17"]
[SourceVersion "1"]
[SourceVersionDate "2015.07.17"]
[SourceQuality "1"]

1. d4 d5 2. c4 Bf5 3. Nc3 Nf6 4. h3 e6 5. Bg5 Nbd7 6. cxd5 h6 7. Bh4 g5 8. dxe6 gxh4 9. exf7+ Kxf7 10. e4 Nxe4 11. Qh5+ Bg6 12. Qd5+ Ke7 13. Nxe4 c6 14. Qd6+ Kf7 15. Qf4+ Nf6 16. Bc4+ Kg7 17. Qxf6+ Qxf6 18. Nxf6 Kxf6 19. 0-0-0 Bd6 20. Ne2 Bh5 21. f3 b5 22. Bb3 a6 23. Nc3 Bf4+ 24. Kb1 Bg6+ 25. Ne4+ Ke7 26. Rhe1 a5 27. Bc2 a4 28. Nc5+ Kf7 29. Bxg6+ Kxg6 30. Re6+ Kf7 31. Rxc6 Ra7 32. Re1 Rg8 33. Re4 Bg5 34. Ne6 Be7 35. Rf4+ Bf6 36. Nd8+ Rxd8 37. Rfxf6+ Kg7 38. Rg6+ Kf7 39. Rxh6 Rg8 40. Rh7+ Rg7 41. Rxg7+ Kxg7 42. Rc5 b4 43. Rh5 Rd7 44. Rxh4 Re7 45. Re4 Rd7 46. g4 Kf7 47. f4 Kg7 48. Kc2 Rc7+ 49. Kd2 b3 50. axb3 axb3 51. Kd3 Rc1 52. Kd2 Rb1 53. Kc3 Rh1 54. Re3 Rc1+ 55. Kxb3 Rd1 56. Kc4 Rc1+ 57. Kd3 Rd1+ 58. Ke4 Rb1 59. b3 Rh1 60. Ke5 Kf7 61. f5 Rf1 62. g5 Kg7 63. d5 Rd1 64. d6 Kf8 65. Ke6 Ke8 66. f6 Ra1 67. Kf5+ Kf8 68. Kg6 Ra7 69. Re7 Rxe7 70. dxe7+ Ke8 71. Kg7 Kd7 72. Kf8 Ke6 73. e8Q+ Kf5 74. g6 Kxf6 75. g7 1-0

[Event "Remote email"]
[Site "Remote email"]
[Date "2013.04.12"]
[Round "?"]
[White "Vorobyev, Viktor Dmitrievich"]
[Black "Busch, Christian"]
[Result "0-1"]
[WhiteElo "1970"]
[BlackElo "2026"]
[PlyCount "84"]
[EventDate "2013.??.??"]
[EventType "tourn (corr)"]
[EventRounds "6"]
[EventCountry "GER"]
[SourceTitle "Corr 2015"]
[Source "ChessBase"]
[SourceDate "2015.07.17"]
[SourceVersion "1"]
[SourceVersionDate "2015.07.17"]
[SourceQuality "1"]

1. d4 Nf6 2. c4 g6 3. Nc3 d5 4. Bg5 Ne4 5. Nxe4 dxe4 6. d5 Bg7 7. Qc2 Bf5 8. e3 c6 9. 0-0-0 Qa5 10. d6 Qxa2 11. dxe7 Nd7 12. Ne2 h6 13. Bf4 Nc5 14. Nd4 Bxd4 15. Rxd4 Nb3+ 16. Kd1 Qa1+ 17. Ke2 Nxd4+ 18. exd4 Kxe7 19. Ke3 Qe1+ 20. Qe2 Qb4 21. Qc2 g5 22. Be5 Rhe8 23. c5 Kf8 24. Be2 Rad8 25. Bd6+ Kg8 26. Ra1 a6 27. h3 Rxd6 28. Ra4 Qe1 29. cxd6 g4 30. d7 Bxd7 31. Qd2 Qxd2+ 32. Kxd2 gxh3 33. g4 c5 34. Ra3 e3+ 35. Ke1 h2 36. Bf3 Bxg4 37. Bh1 cxd4 38. fxe3 dxe3 39. Ra4 h5 40. Rc4 e2 41. Rd4 Rc8 42. Kd2 Rc2+ 0-1

[Event "Remote email"]
[Site "Remote email"]
[Date "2013.02.21"]
[Round "?"]
[White "Finke, Thilo"]
[Black "Vorobyev, Viktor Dmitrievich"]
[Result "1-0"]
[WhiteElo "1976"]
[BlackElo "1970"]
[PlyCount "79"]
[EventDate "2013.??.??"]
[EventType "tourn (corr)"]
[EventRounds "6"]
[EventCountry "GER"]
[SourceTitle "Corr 2015"]
[Source "ChessBase"]
[SourceDate "2015.07.17"]
[SourceVersion "1"]
[SourceVersionDate "2015.07.17"]
[SourceQuality "1"]

1. e4 c5 2. d4 cxd4 3. c3 dxc3 4. Nxc3 e6 5. Nf3 Nc6 6. Bc4 Bb4 7. 0-0 Bxc3 8. bxc3 h6 9. Qe2 Nge7 10. Rd1 a6 11. Rd6 Ng6 12. Ba3 Qa5 13. Qb2 b5 14. Bb3 Nge5 15. Nxe5 Nxe5 16. Bb4 Qc7 17. Rad1 Nc4 18. Bxc4 bxc4 19. R6d4 Rb8 20. Qd2 Qc6 21. Qf4 Rxb4 22. cxb4 0-0 23. e5 f5 24. Rxc4 Qa4 25. Qd2 a5 26. Rdc1 Bb7 27. bxa5 Qb5 28. Rc5 Qa4 29. Rc7 Bc6 30. h3 Qb5 31. R1xc6 dxc6 32. Qd7 Qxe5 33. a6 Rb8 34. Rc8+ Kh7 35. Rxb8 Qxb8 36. Qb7 Qe5 37. a7 Qe1+ 38. Kh2 Qxf2 39. Qb8 f4 40. Qb1+ 1-0

[Event "Remote email"]
[Site "Remote email"]
[Date "2012.11.16"]
[Round "?"]
[White "Finke, Thilo"]
[Black "Vorobyev, Viktor Dmitrievich"]
[Result "0-1"]
[WhiteElo "1976"]
[BlackElo "2014"]
[PlyCount "82"]
[EventDate "2012.??.??"]
[EventType "tourn (corr)"]
[EventRounds "6"]
[EventCountry "GER"]
[SourceTitle "Corr 2015"]
[Source "ChessBase"]
[SourceDate "2015.07.17"]
[SourceVersion "1"]
[SourceVersionDate "2015.07.17"]
[SourceQuality "1"]

1. e4 c5 2. d4 Nf6 3. e5 Nd5 4. c4 Nb4 5. d5 d6 6. a3 N4a6 7. Bf4 dxe5 8. Bxe5 e6 9. Nc3 Nd7 10. Bg3 exd5 11. cxd5 Nf6 12. Bb5+ Bd7 13. Qe2+ Qe7 14. Qxe7+ Bxe7 15. Bxd7+ Nxd7 16. 0-0-0 0-0 17. Nf3 Bf6 18. Rhe1 Rae8 19. Bd6 Rxe1 20. Rxe1 Rd8 21. Nb5 Nb6 22. Nc7 Bxb2+ 23. Kxb2 Nc4+ 24. Ka2 Nxd6 25. Nxa6 bxa6 26. Nd2 c4 27. Kb2 g6 28. a4 Kf8 29. Kc3 Rb8 30. Rb1 Rc8 31. f3 f5 32. Re1 Rc5 33. Kd4 Ra5 34. Ra1 Ke7 35. Nxc4 Nxc4 36. Kxc4 Kd6 37. Rd1 Rxa4+ 38. Kb3 Ra5 39. Kc4 Rc5+ 40. Kb4 Rxd5 41. Rxd5+ Kxd5 0-1